| 000 | 00488 a2200157 4500 | ||
|---|---|---|---|
| 005 | 20250520083730.0 | ||
| 020 | _a0-256-19508-0 | ||
| 082 | _a658.5 NAH | ||
| 100 | _aNAHMIAS, S. | ||
| 245 | _aProductions and Operations Analysis. | ||
| 250 | _a3rd Ed | ||
| 260 |
_aLondon, _bIrwin/ McGraw-Hill, _c1997. |
||
| 300 |
_axxxvi,858p.: ill.; figure, table _bBibliographical References & Index _c23cm |
||
| 856 |
_yAccess Online Book _fProductions and Operations _dwww.mhhe.com |
||
| 942 |
_2ddc _cBKS |
||
| 999 |
_c2470 _d2470 |
||